000 00543nam a2200205 4500
001 131909
003 ES-MaACL
005 20230906194053.0
007 t|
008 070214s1978 sp r ||||1| spa d
100 1 _aRodríguez Mourullo, Gonzalo.
_998692
245 1 0 _aDerecho penal.
_pParte general.
260 _aMadrid :
_bCivitas,
_c1978.
300 _a357 p. ;
_c20 cm.
490 1 _aManuales
830 0 _aManuales
_9178657
852 _aES-MaACL
_jL-224
_bR.101142
852 _aES-MaACL
_jL-516
_bR.101143
999 _c131909
_d131909